000 00365cam a22001457a 4500
008 180718b1970 xxu||||| |||| 00| 0 eng d
082 _aAB41 Al14
100 _aAlbertson, Edward
245 _aVadanta
_cby Edward Albertson
260 _aLos Angeles
_bSherbourne
_c1970
300 _a158p.
650 _aPhilosophy, Hindu
650 _aHinduism
650 _aVedanta
999 _c340976
_d340976